|
|
|
|
| LEADER |
00000nam0a2200000 4500 |
| 001 |
250975 |
| 005 |
20231101232619.0 |
| 010 |
|
|
|a 5020058831
|
| 020 |
|
|
|a RU
|b 89-28714
|
| 035 |
|
|
|a (RuTPU)RU\TPU\book\273216
|
| 090 |
|
|
|a 250975
|
| 100 |
|
|
|a 20140218d1989 k y0rusy5003 ca
|
| 101 |
0 |
|
|a rus
|
| 102 |
|
|
|a RU
|
| 105 |
|
|
|a a z 001zb
|
| 200 |
1 |
|
|a Иван Иванович Ползунов, 1729-1766
|f В. С. Виргинский
|g Академия наук СССР (АН СССР) ; под ред. Н. К. Ламана
|
| 210 |
|
|
|a Москва
|c Наука
|d 1989
|
| 215 |
|
|
|a 173 с.
|c ил., карт.
|
| 225 |
1 |
|
|a Научно-биографическая литература
|
| 320 |
|
|
|a Библиогр.: с. 168-170 (65 назв.).
|
| 320 |
|
|
|a Имен. указ.: с. 171-174.
|
| 600 |
|
1 |
|a Ползунов
|b И. И.
|c российский теплотехник
|f 1728-1766
|g Иван Иванович
|2 stltpush
|3 (RuTPU)RU\TPU\pers\13276
|9 3949
|
| 606 |
1 |
|
|a Теплотехника общая
|2 stltpush
|3 (RuTPU)RU\TPU\subj\59808
|9 77306
|
| 610 |
1 |
|
|a механика
|
| 610 |
1 |
|
|a изобретательство
|
| 610 |
1 |
|
|a Россия
|
| 610 |
1 |
|
|a история
|
| 610 |
1 |
|
|a 18 век
|
| 610 |
1 |
|
|a паровые машины
|
| 675 |
|
|
|a 621.1(09)
|z rus
|
| 700 |
|
1 |
|a Виргинский
|b В. С.
|g Виктор Семенович
|
| 702 |
|
1 |
|a Ламан
|b Н. К.
|4 340
|
| 712 |
0 |
2 |
|a Академия наук СССР (АН СССР)
|2 stltpush
|3 (RuTPU)RU\TPU\col\722
|
| 801 |
|
0 |
|a RU
|b RuMRKP
|c 19950417
|g psbo
|
| 801 |
|
1 |
|a RU
|b 63413507
|c 20140218
|
| 801 |
|
2 |
|a RU
|b 63413507
|c 20140314
|g RCR
|
| 942 |
|
|
|c BK
|